00418nam a2200157Ia 4500003000400000008004100004040001600045082001600061100002100077245004600098260004100144300001000185650001700195650002200212650002600234GCL140319s9999 xx 000 0 eng d aGCL / cGCL04a720.95bL C1 aLIU, LAURENCE G.10aCHINESE ARCHITECTURE / cLIU, LAURENCE G. a[S.N] : bACADEMY EDITIONS ، c1989 a297 P04aARCHITECTURE04aMYTHOLOGY - CHINA04aARCHITECTURE, CHINESE